| 000 | 00714nam a2200277Ia 4500 | ||
|---|---|---|---|
| 008 | 180313s9999 xx 000 0 und d | ||
| 020 | _a9781338105933 | ||
| 050 | _bFIC L926 2015 | ||
| 100 | _aLubar, David | ||
| 245 | _aSophomores and other oxymorons : | ||
| 245 | _banother novel / | ||
| 245 | _cby David Lubar. | ||
| 260 | _aNew York, New York : | ||
| 260 | _bScholastic Inc., | ||
| 260 | _c2015 | ||
| 300 | _a417 pages : | ||
| 300 | _billustrations ; | ||
| 300 | _c20cm. | ||
| 650 | _aDating (Social customs) -- | ||
| 650 | _aFriendship -- | ||
| 650 | _aHign school -- | ||
| 650 | _xJuvenile fiction. | ||
| 650 | _xJuvenile fiction. | ||
| 650 | _xJuvenile fiction. | ||
| 700 | _aTitle. | ||
| 999 |
_c356280 _d356280 |
||